000
00206 a2200097 4500
001
15362
100
_a
Boyne W.J
245
_a
Messerschmitt me 262
260
_a
London
_b
Jane's p
_c
090
_c
11993
_d
11993
942
_a
NUST-CAE
_c
M
_c
2217
999
_c
250435
_d
250435